00183nam a2200073Ia 4500008004100000100001500041245002800056260002500084170817s9999 xx 000 0 und d asharma.R.K 0aSamajik Vigyan Shikshan bRadha Prakashan Agra